[Event "Kolomna op"]
[Site "Kolomna"]
[Date "2016.10.07"]
[Round "4.3"]
[White "Nozdrachev, Leonid"]
[Black "Gagarinov, Sergey"]
[Result "1-0"]
[WhiteElo "2412"]
[BlackElo "2209"]
[PlyCount "75"]
[EventDate "2016.10.05"]
[EventType "swiss"]
[EventRounds "9"]
[EventCountry "RUS"]
[SourceTitle "EXT 2018"]
[Source "ChessBase"]
[SourceDate "2017.10.13"]
[SourceVersion "1"]
[SourceVersionDate "2017.10.13"]
[SourceQuality "1"]

1. e4 c6 2. d4 d5 3. Nc3 dxe4 4. Nxe4 Nd7 5. Bc4 Ngf6 6. Ng5 e6 7. Qe2 Nb6 8. Bb3 h6 9. N5f3 c5 10. Bf4 Bd6 11. Nh3 Bxf4 12. Nxf4 Qc7 13. Ne5 0-0 14. Rd1 Nbd5 15. Bxd5 exd5 16. 0-0 Re8 17. c3 c4 18. Qf3 Be6 19. Rfe1 Re7 20. Re3 Rae8 21. Rde1 Qd6 22. Nh5 Bc8 23. Nxf6+ gxf6 24. Qg3+ Kh7 25. Nxf7 Rxe3 26. Rxe3 Qxg3 27. hxg3 Re6 28. Rxe6 Bxe6 29. Nd6 b6 30. f3 h5 31. Kf2 Kg6 32. Ke3 Kg5 33. Nb5 a5 34. Nc7 Bf7 35. Na8 b5 36. Nc7 b4 37. cxb4 axb4 38. a4 1-0

[Event "Zhukovsky Winter op"]
[Site "Zhukovsky"]
[Date "2014.??.??"]
[Round "4"]
[White "Gagarinov, Sergey"]
[Black "Norbaev, Nabijon"]
[Result "0-1"]
[WhiteElo "2231"]
[BlackElo "2169"]
[PlyCount "86"]
[EventDate "2014.11.22"]
[EventType "swiss"]
[EventRounds "9"]
[EventCountry "RUS"]
[SourceTitle "EXT 2016"]
[Source "ChessBase"]
[SourceDate "2015.10.08"]
[SourceVersion "1"]
[SourceVersionDate "2015.10.08"]
[SourceQuality "1"]

1. e4 e6 2. d3 d5 3. Nd2 Nf6 4. Ngf3 b6 5. g3 dxe4 6. dxe4 Bb7 7. Bd3 Nc6 8. 0-0 a6 9. a3 h5 10. h4 Ng4 11. b4 Be7 12. Bb2 Bf6 13. Bxf6 Qxf6 14. Qe2 Nce5 15. Nxe5 Nxe5 16. Qe3 0-0-0 17. Rfd1 Rd7 18. Be2 Qg6 19. Qf4 f6 20. Nc4 Ng4 21. Rxd7 Kxd7 22. Rd1+ Kc8 23. Bf3 e5 24. Bxg4+ hxg4 25. Qf5+ Qxf5 26. exf5 Rh5 27. Ne3 Be4 28. Nxg4 Bf3 29. Ne3 Bxd1 30. Nxd1 Rxf5 31. Kg2 Rh5 32. Ne3 Kd7 33. Kh3 Ke6 34. g4 Rh8 35. Kg3 g6 36. f3 f5 37. Kh3 f4 38. Nd1 Rd8 39. Nc3 Rd2 40. Ne4 Rxc2 41. h5 gxh5 42. gxh5 Kf5 43. h6 Rc6 0-1

[Event "Zhukovsky Winter op"]
[Site "Zhukovsky"]
[Date "2014.??.??"]
[Round "9"]
[White "Ibragimov, Ali"]
[Black "Gagarinov, Sergey"]
[Result "1/2-1/2"]
[WhiteElo "2064"]
[BlackElo "2231"]
[PlyCount "114"]
[EventDate "2014.11.22"]
[EventType "swiss"]
[EventRounds "9"]
[EventCountry "RUS"]
[SourceTitle "EXT 2016"]
[Source "ChessBase"]
[SourceDate "2015.10.08"]
[SourceVersion "1"]
[SourceVersionDate "2015.10.08"]
[SourceQuality "1"]

1. Nf3 d5 2. c4 c6 3. d4 Nf6 4. Nc3 dxc4 5. e3 b5 6. a4 b4 7. Na2 a5 8. Bxc4 e6 9. 0-0 Nbd7 10. b3 Be7 11. Bb2 0-0 12. Nc1 Bb7 13. Nd3 Nb6 14. Nfe5 Nxc4 15. Nxc4 Nd7 16. Rc1 Qb8 17. Nc5 Nxc5 18. dxc5 Bc8 19. Be5 Qa7 20. Bd6 Ba6 21. Nxa5 Bxd6 22. cxd6 Bxf1 23. Nxc6 Qd7 24. Ne5 Qb7 25. Kxf1 Rfd8 26. Nc6 Rd7 27. e4 f6 28. Rc4 Kh8 29. Qd4 Rc8 30. Qc5 h6 31. f4 e5 32. fxe5 fxe5 33. Qd5 Qb6 34. Rc5 Qa6+ 35. Ke1 Rf8 36. Qc4 Qxc4 37. Rxc4 Rxd6 38. Nxe5 Re6 39. Nd3 Rb8 40. Kd2 g5 41. Ke3 Kg7 42. g4 Reb6 43. e5 h5 44. Rc7+ Kg6 45. h3 hxg4 46. hxg4 Rh8 47. Nc5 Rh4 48. a5 Rb5 49. a6 Rxg4 50. a7 Ra5 51. Rc6+ Kf5 52. Ra6 Rxc5 53. a8Q Rc3+ 54. Kf2 Rf4+ 55. Ke2 Re4+ 56. Kd2 Rd4+ 57. Ke2 Re4+ 1/2-1/2

[Event "Zhukovsky Winter op"]
[Site "Zhukovsky"]
[Date "2014.??.??"]
[Round "6"]
[White "Nekrasov, Evgeniy"]
[Black "Gagarinov, Sergey"]
[Result "0-1"]
[WhiteElo "1832"]
[BlackElo "2231"]
[PlyCount "72"]
[EventDate "2014.11.22"]
[EventType "swiss"]
[EventRounds "9"]
[EventCountry "RUS"]
[SourceTitle "EXT 2016"]
[Source "ChessBase"]
[SourceDate "2015.10.08"]
[SourceVersion "1"]
[SourceVersionDate "2015.10.08"]
[SourceQuality "1"]

1. b3 d5 2. Bb2 Nf6 3. e3 Bf5 4. Nf3 h6 5. Ne5 Nbd7 6. g4 Be4 7. f3 Bh7 8. Bb5 c6 9. Bd3 Nxe5 10. Bxe5 Bxd3 11. cxd3 Nd7 12. Bb2 e5 13. h4 Be7 14. h5 Bh4+ 15. Kf1 0-0 16. e4 Re8 17. Nc3 Bg5 18. Qe2 Nc5 19. Rh2 Ne6 20. Kg1 Nf4 21. Qf1 Qb6+ 22. Kh1 Rad8 23. Na4 Qa5 24. Bc3 Qc7 25. Rc1 Qe7 26. d4 dxe4 27. dxe5 b5 28. Ba5 bxa4 29. Bxd8 Rxd8 30. Rxc6 Qxe5 31. Qc4 exf3 32. Rf2 Nd3 33. Rxf3 Qe1+ 34. Kg2 Qe2+ 35. Kg3 Bh4+ 36. Kxh4 Qxf3 0-1

[Event "Zhukovsky op"]
[Site "Zhukovsky"]
[Date "2012.04.??"]
[Round "7"]
[White "Borzov, Roman"]
[Black "Gagarinov, Sergey"]
[Result "0-1"]
[WhiteElo "2073"]
[BlackElo "2103"]
[PlyCount "88"]
[EventDate "2012.04.??"]
[EventType "swiss"]
[EventRounds "9"]
[EventCountry "RUS"]
[SourceTitle "EXT 2014"]
[Source "ChessBase"]
[SourceDate "2013.11.20"]
[SourceVersion "1"]
[SourceVersionDate "2013.11.20"]
[SourceQuality "1"]

1. e4 e6 2. d4 d5 3. Nc3 Nf6 4. Bg5 Bb4 5. e5 h6 6. Bd2 Bxc3 7. bxc3 Ne4 8. Bd3 Nxd2 9. Qxd2 c5 10. Nf3 Nc6 11. 0-0 Qa5 12. dxc5 Qxc5 13. Rfb1 0-0 14. a4 b6 15. Rb3 Bb7 16. Qf4 Rac8 17. Nd4 Na5 18. Rbb1 Bc6 19. Qg3 Bd7 20. Ne2 f5 21. Qg6 Qe7 22. Re1 Qg5 23. Qxg5 hxg5 24. f3 Kf7 25. Kf2 Rh8 26. Nd4 g6 27. Bb5 Ke7 28. Bxd7 Kxd7 29. Nb5 a6 30. Nd6 Rxc3 31. h3 Nc4 32. Nf7 Rxc2+ 33. Kg1 Rc8 34. Nxg5 f4 35. g3 fxg3 36. Rad1 Nb2 37. Rd4 R8c4 38. Rg4 Rxg4 39. fxg4 Nxa4 40. Rf1 Rf2 41. Rxf2 gxf2+ 42. Kxf2 Nc5 43. Ke3 a5 44. Kd2 Ne4+ 0-1